La estructuración de las organizaciones

Gorde:
Xehetasun bibliografikoak
Egile nagusia: Mintzberg, Henry (autor)
Formatua: Liburua
Hizkuntza:gaztelania
Argitaratua: Barcelona Ariel 1984
Saila:La teoría de la Política de Gestión
Gaiak:
Etiketak: Etiketa erantsi
Etiketarik gabe, Izan zaitez lehena erregistro honi etiketa jartzen!

MARC

LEADER 00000nam a2200000 a 4500
001 UCW9612
003 CL-VaPUC
005 20241104131007.0
008 890530e19840000SP |||||||||||||||||spa|d
999 |c 221529  |d 221527 
040 |c Pontificia Universidad Católica de Valparaíso 
082 0 4 |a 658  |b MIN  |2 21 
100 |a Mintzberg, Henry  |e autor  |9 590780 
245 1 3 |a La estructuración de las organizaciones 
260 |a Barcelona  |b Ariel  |c 1984 
300 |a 561 p 
490 0 |a La teoría de la Política de Gestión 
583 |a last modification  |c 19890530 00:00:00  |k Rodrigo Vera 
650 0 |a Gestión de empresas  |9 433832 
650 0 |a Gestión de la producción   |9 259467 
650 0 |a Gestión de empresas  |x Organización del trabajo  |9 893088 
650 0 |a Gestión de empresas  |x Organigramas  |9 893091 
942 |c BK  |2 ddc 
945 |d 19890530 00:00:00 
952 |0 0  |1 0  |4 0  |6 658_000000000000000_MIN_1984  |7 0  |8 R  |9 214967  |a BIBENE  |b BIBENE  |d 2019-11-15  |i 2835320  |o 658 MIN 1984  |p 2835320  |r 2025-01-15  |w 2019-11-15  |y BK_R  |k ICO 
952 |0 0  |1 0  |4 0  |6 658_000000000000000_MIN_1984  |7 0  |8 A  |9 214968  |a BIBEDU  |b BIBEDU  |d 2019-11-15  |i 3227960  |l 2  |o 658 MIN 1984  |p 3227960  |r 2022-06-07  |s 2022-05-31  |w 2019-11-15  |y BK  |k EPE 
952 |0 0  |1 0  |4 0  |6 658_000000000000000_MIN_1984  |7 0  |8 R  |9 214969  |a BIBGIM  |b BIBGIM  |d 2019-11-15  |i 1404725  |o 658 MIN 1984  |p 1404725  |r 2025-01-15  |w 2019-11-15  |y BK_R  |k COM